000 00704nam a2200193Ia 4500
003 GCL
008 140319s9999 xx 000 0 ara d
040 _aGCL /
_cGCL
082 0 4 _a842
_bر ك
100 1 _aرومين، جول
245 1 0 _aكنوك أو انتصار الطب الطائر الأزرق: أحدوثة من عالم السحر /
_cرومين، جول
700 1 _aميتر لنيك, موريس
260 _a[S.N] :
_bدار المعارف ،
_c1987
300 _a199 ص
490 _aمسرحيات يحيى حقى المترجمة
_v0
650 0 4 _aالادب الفرنسى المترجم
650 0 4 _aالمسرحيات الانجليزية المترجمة
942 _2ddc
_cBK
999 _c28155
_d28155